000
00354nam a22001577a 4500
005
20250918121955.0
008
250918b |||||||| |||| 00| 0 eng d
082
_a
891.4
_b
LIA-L
100
_a
Dr Liaqat ALi Niazi
245
_a
Liah /
260
_a
Pakistan:
_c
2020.
300
_a
120 p. :
650
_a
urdu Litreature
999
_c
37101
_d
37101